Central Library OPAC University of Rajshahi

The international energy relations of China / (Record no. 3481)

MARC details
000 -LEADER
fixed length control field 00932cam a2200301 a 4500
001 - CONTROL NUMBER
control field 3481
003 - CONTROL NUMBER IDENTIFIER
rucl marc code BD-RjUL
005 - DATE AND TIME OF LATEST TRANSACTION
control field 20211208233734.0
008 - FIXED-LENGTH DATA ELEMENTS--GENERAL INFORMATION
fixed length control field 131219s1980 caua b 001 0 eng
020 ## - INTERNATIONAL STANDARD BOOK NUMBER
International Standard Book Number 0804710082
035 ## - SYSTEM CONTROL NUMBER
System control number (BD-RjUL)3515
040 ## - CATALOGING SOURCE
Original cataloging agency DLC
Transcribing agency DLC
Modifying agency BD-RjUL
Language of cataloging eng
041 ## - LANGUAGE CODE
Language code of text/sound track or separate title eng
082 00 - DEWEY DECIMAL CLASSIFICATION NUMBER
Classification number 333.790951
Edition number 19
Author mark and year WOI 1980
100 1# - MAIN ENTRY--PERSONAL NAME
Personal name Woodard, Kim.
9 (RLIN) 10958
245 14 - TITLE STATEMENT
Title The international energy relations of China /
Statement of responsibility, etc. Kim Woodard.
260 ## - PUBLICATION, DISTRIBUTION, ETC. (IMPRINT)
Place of publication, distribution, etc. Stanford, Calif. :
Name of publisher, distributor, etc. Stanford University Press,
Date of publication, distribution, etc. 1980.
300 ## - PHYSICAL DESCRIPTION
Pagination xxi, 717 p. :
Illustrations ill. ;
Size 25 cm.
500 ## - GENERAL NOTE
General note Includes index.
504 ## - BIBLIOGRAPHY, ETC. NOTE
Bibliography, etc Bibliography: p. 691-702.
650 #0 - SUBJECT ADDED ENTRY--TOPICAL TERM
Topical term or geographic name as entry element Petroleum industry and trade
Geographic subdivision China.
9 (RLIN) 10959
Topical term or geographic name as entry element Energy industries
Geographic subdivision China.
9 (RLIN) 10960
Topical term or geographic name as entry element Energy policy
Geographic subdivision China.
9 (RLIN) 10961
651 #0 - SUBJECT ADDED ENTRY--GEOGRAPHIC NAME
Geographic name China
General subdivision Foreign economic relations.
9 (RLIN) 10962
942 ## - ADDED ENTRY ELEMENTS (KOHA)
Source of classification or shelving scheme Dewey Decimal Classification
Koha item type Books
Holdings
Lost status Source of classification or shelving scheme Damaged status Not for loan Collection code Permanent Location Current Location Shelving location Date acquired Source of acquisition Cost, normal purchase price Total Checkouts Full call number Date last seen Copy number Koha item type
  Dewey Decimal Classification   Not For Loan Non-fiction Central Library, University of Rajshahi Central Library, University of Rajshahi Reading Room 25/08/1990 Asia Foundation 0.00   333.790951 WOI 1980 19/12/2013 C-1 Books